| 000 | 00878nam a22001815i 4500 | ||
|---|---|---|---|
| 001 | 163322 | ||
| 003 | ES-MaACL | ||
| 005 | 20250729014021.0 | ||
| 008 | 151011s1849 sp b |||| | spa d | ||
| 080 | _a930.25(460) | ||
| 245 | 0 | 0 | _aColección de los reales decretos, órdenes y reglamentos expedidos por el Ministerio de Gracia y Justicia para la creación y organización de la Dirección General de Archivos, Junta Superior Consultiva y de las demás subalternas establecidas en la península y Ultramar. |
| 260 |
_aMadrid : _b[s.n.], _c1849 ( _fImp. que fue de Operarios, a cargo de Antonio Cubas) |
||
| 300 |
_a11 p. ; _c21 cm. |
||
| 650 | 4 |
_aArchivos- _zEspaña _99953 |
|
| 710 | 1 |
_aEspaña. _bMinisterio de Gracia y Justicia. _93873 |
|
| 852 | 4 |
_aES-MaACL _jT-139-F-9 _z- Enc. en un vol. facticio, falto de cub. original _z- Donat. Gallardo |
|
| 999 |
_c163322 _d163322 |
||